000 00393nam a2200133Ia 4500
008 220217s9999||||xx |||||||||||||| ||und||
020 _a81-265-0303-3
082 _a005.13 FER
100 _aFerguson, Jeff Patterson, Brain & Jason, Etal.
_93256
245 0 _aC# programming bible
260 _aDreamtech publications
_bNew Delhi
_c2002
300 _b399
650 _aPROGRAMMING LANGUAGE
999 _c171265
_d171265